opac header logoIBA Library

Crafting and executing strategy : (Record no. 54)

MARC details
000 -LEADER
fixed length control field 00882cam a22002654a 4500
001 - CONTROL NUMBER
control field 16577066
003 - CONTROL NUMBER IDENTIFIER
control field BD-DhUIB
005 - DATE AND TIME OF LATEST TRANSACTION
control field 20210320124928.0
008 - FIXED-LENGTH DATA ELEMENTS--GENERAL INFORMATION
fixed length control field 101213s2012 nyu 001 0 eng
020 ## - INTERNATIONAL STANDARD BOOK NUMBER
International Standard Book Number 978125900476
020 ## - INTERNATIONAL STANDARD BOOK NUMBER
International Standard Book Number 125900476
040 ## - CATALOGING SOURCE
Original cataloging agency DLC
Transcribing agency DLC
Modifying agency BD-DhUIB
082 00 - DEWEY DECIMAL CLASSIFICATION NUMBER
Classification number 658.4012
Edition number 22
245 00 - TITLE STATEMENT
Title Crafting and executing strategy :
Remainder of title the quest for competitive advantage : concepts and cases /
Statement of responsibility, etc. Arthur A. Thompson ... [et al.].
250 ## - EDITION STATEMENT
Edition statement 18th ed.
260 ## - PUBLICATION, DISTRIBUTION, ETC.
Place of publication, distribution, etc. New York :
Name of publisher, distributor, etc. McGraw-Hill/Irwin,
Date of publication, distribution, etc. c2012.
300 ## - PHYSICAL DESCRIPTION
Extent 1 v. (various pagings) :
Other physical details ill. ;
Dimensions 23 cm.
500 ## - GENERAL NOTE
General note Rev. ed. of: Crafting and executing strategy / Arthur A. Thompson. 18th ed. 2010.
500 ## - GENERAL NOTE
General note Includes index.
526 ## - STUDY PROGRAM INFORMATION NOTE
Program name BBA.
650 #0 - SUBJECT ADDED ENTRY--TOPICAL TERM
Topical term or geographic name entry element Strategic planning.
9 (RLIN) 36
650 #0 - SUBJECT ADDED ENTRY--TOPICAL TERM
Topical term or geographic name entry element Strategic planning
Form subdivision Case studies.
9 (RLIN) 38
700 1# - ADDED ENTRY--PERSONAL NAME
Personal name Thompson, Arthur A.,
9 (RLIN) 5
942 ## - ADDED ENTRY ELEMENTS (KOHA)
Source of classification or shelving scheme Dewey Decimal Classification
Koha item type Books
Holdings
Withdrawn status Lost status Source of classification or shelving scheme Damaged status Not for loan Collection code Home library Current library Shelving location Date acquired Source of acquisition Full call number Barcode Date last seen Copy number Price effective from Koha item type Total Checkouts
    Dewey Decimal Classification     Fiction IBA Library IBA Library General Stacks 07/11/2012 Trim Education 658.4012 T371c 00050257 03/18/2021 C-4 03/18/2021 Books  
    Dewey Decimal Classification     Fiction IBA Library IBA Library General Stacks 07/11/2012 Trim Education 658.4012 T371c 00050258 03/18/2021 C-5 03/18/2021 Books  
    Dewey Decimal Classification     Fiction IBA Library IBA Library General Stacks 07/11/2012 Trim Education 658.4012 T371c 00050259 03/18/2021 C-6 03/18/2021 Books  
    Dewey Decimal Classification     Fiction IBA Library IBA Library General Stacks 07/11/2012 Trim Education 658.4012 T371c 00050260 03/18/2021 C-7 03/18/2021 Books  
    Dewey Decimal Classification     Fiction IBA Library IBA Library General Stacks 07/11/2012 Trim Education 658.4012 T371c 00050261 03/18/2021 C-8 03/18/2021 Books  
    Dewey Decimal Classification     Fiction IBA Library IBA Library General Stacks 07/11/2012 Trim Education 658.4012 T371c 00050262 03/18/2021 C-9 03/18/2021 Books  
    Dewey Decimal Classification     Fiction IBA Library IBA Library General Stacks 07/11/2012 Trim Education 658.4012 T371c 00050263 03/18/2021 C-10 03/18/2021 Books  
    Dewey Decimal Classification     Fiction IBA Library IBA Library General Stacks 07/11/2012 Trim Education 658.4012 T371c 00050264 03/18/2021 C-11 03/18/2021 Books  
    Dewey Decimal Classification     Fiction IBA Library IBA Library General Stacks 07/11/2012 Trim Education 658.4012 T371c 00050265 03/18/2021 C-12 03/18/2021 Books  
    Dewey Decimal Classification     Fiction IBA Library IBA Library General Stacks 07/11/2012 Trim Education 658.4012 T371c 00050266 03/18/2021 C-13 03/18/2021 Books  
    Dewey Decimal Classification     Fiction IBA Library IBA Library General Stacks 07/11/2012 Trim Education 658.4012 T371c 00050267 03/18/2021 C-14 03/18/2021 Books  
    Dewey Decimal Classification     Fiction IBA Library IBA Library General Stacks 07/11/2012 Trim Education 658.4012 T371c 00050268 03/18/2021 C-15 03/18/2021 Books  
    Dewey Decimal Classification     Fiction IBA Library IBA Library General Stacks 11/07/2012 Trim Education 658.412 T371c 00050254 03/20/2021 C-1 03/20/2021 Books  
    Dewey Decimal Classification     Fiction IBA Library IBA Library General Stacks 11/07/2012 Trim Education 658.412 T371c 00050255 03/20/2021 C-2 03/20/2021 Books  
    Dewey Decimal Classification     Fiction IBA Library IBA Library General Stacks 11/07/2012 Trim Education 658.412 T371c 00050256 03/20/2021 C-3 03/20/2021 Books  
Copyright © 2021-2026 | IBA Library
Institute of Business Administration (IBA)
University of Dhaka
Library Home | IBA Home